00779nam a2200217 i 450000100060000000300090000600500170001500700030003200800410003502000180007610000270009424501340012126000450025530000270030049000560032750000130038360000550039670000210045183000560047285200330052864921ES-MaACL20230906165244.0t|040107s1984 xxu ||||1| eng d a0-8240-9075-61 aFoster, David William.10aJorge Luis Borges b: an annotated primary and secondary bibliography / cDavid William Foster ; introduction by Martin S. Stabb. aNew York ; aLondon : bGarland, c1984. aXLV, 328 p. ; c23 cm.1 aGarland reference library of the humanities ; v439 aIndices.14aBorges, Jorge Luis-xCrítica e interpretación.1 aStabb, Martin S.0 aGarland reference library of the humanities ; v439 aES-MaACLjL-10052 bR.112340